000 00548nam a2200205Ia 4500
001 74072
003 OSt
005 20160922120831.0
008 160804s9999||||xx |||||||||||||| ||und||
020 _a9780199579679
040 _cPK-LaUMT
082 _aR 320.973
_bOXF-
100 _aHaider-Markel, Donald
245 4 _aThe Oxford handbook of state and local government/
_cHaider-Markel, Donald
260 _aOxford:
_bOxford University Press,
_c2014
300 _a956 p.
546 _aEN
650 _aState governments-USA
942 _cREF
_2ddc
999 _c87216
_d87216